000 00305nam a2200121Ia 4500
008 191201s2005 xx 000 0 und d
100 _aRAJKRISHNA, Himanshu
245 0 _aNumerical & Statistical Computing
260 _aN. Delhi
_bGullybaba Pub
_c2005
300 _a258
650 _aApplied
942 _2ddc
_cBK
999 _c364
_d364